Υπερασπίζοντας τον Αριστοτέλη
Αποθηκεύτηκε σε:
| Κύριος συγγραφέας: | |
|---|---|
| Άλλοι συγγραφείς: | , |
| Μορφή: | Βιβλίο |
| Γλώσσα: | Greek English |
| Δημοσίευση: |
Αθήνα :
Γενική Γραμματεία Νέας Γενιάς,
1987.
|
| Σειρά: | Φύση και κοινωνία. Κείμενα για συζήτηση ;
1 |
| Θέματα: | |
| Ετικέτες: |
Προσθήκη ετικέτας
Δεν υπάρχουν, Καταχωρήστε ετικέτα πρώτοι!
|
MARC
| LEADER | 00000cam a2200000 i 4500 | ||
|---|---|---|---|
| 001 | 1/79982 | ||
| 008 | 950414s1987 gr | ||| |||| ||gre|| | ||
| 035 | |a 1991 |b 3 |c Δωρεά |l 10033325 | ||
| 040 | |a GR-MyUA |b gre |e AACR2 | ||
| 041 | 1 | |a gre |h eng | |
| 082 | 7 | |a 185 |2 (22) | |
| 100 | 1 | |a Feyerabend, Paul, |d 1924-1994. | |
| 245 | 1 | 0 | |a Υπερασπίζοντας τον Αριστοτέλη / |c Paul Feyerabend ; μετάφραση: Χλόη Μπάλλα ; επιμέλεια: Βασίλης Κάλφας. |
| 260 | |a Αθήνα : |b Γενική Γραμματεία Νέας Γενιάς, |c 1987. | ||
| 300 | |a 74 σ. | ||
| 490 | 1 | |a (Φύση και κοινωνία. Κείμενα για συζήτηση ; |v 1) | |
| 500 | |a Τίτλος πρωτοτύπου: In defence of Aristotle. | ||
| 600 | 0 | 7 | |2 nlgaf |a Αριστοτέλης, |d 384-322 π.Χ. |
| 650 | 0 | 0 | |a Philosophy, Ancient. |
| 700 | 1 | |a Μπάλλα, Χλόη, |d 1966- |e trlf | |
| 700 | 1 | |a Κάλφας, Βασίλης, |d 1953- |e edt | |
| 830 | 0 | |a Φύση και κοινωνία. |p Κείμενα για συζήτηση ; |v 1 | |
| 852 | |a INST |b LESVOS |e 19950414 |h 185 FEY |p 005100001615 |q 005100001615 |t BK |y 0 | ||
| 852 | |a INST |b LESVOS |e 19950414 |h 185 FEY |p 005100001616 |q 005100001616 |t BK |y 0 | ||
| 852 | |a INST |b RHODES |e 19970225 |h 185 FEY |p 005400010384 |q 005400010384 |t BK |y 0 | ||
| 901 | |a BIBL4-2000-2 | ||
| 909 | |a Ρ |b 020634 | ||
| 909 | |a Λ |b 020209 | ||
| 909 | |a Λ |b 020208 | ||
| 922 | |a 4ΕΛΗ |b 199109 | ||
| 970 | |z 2000/08/ΔΕΜΕΝΑΓΑΣ ΠΕΤΡΟΣ | ||
| 970 | |z 2000/05/ΟΙΚΟΝΟΜΟΠΟΥΛΟΥ ΧΡΙΣΤΙΝΑ | ||